Desarrollo del talento humano (Registro nro. 160)

Detalles MARC
000 -LEADER
fixed length control field 01374 a2200229 4500
001 - CONTROL NUMBER
control field 245
005 - DATE AND TIME OF LATEST TRANSACTION
control field 20260407155416.0
008 - FIXED-LENGTH DATA ELEMENTS--GENERAL INFORMATION
fixed length control field 260407a2008 arg spa d
003 - CONTROL NUMBER IDENTIFIER
control field AR-UNSa-BCEJYS
040 ## - CATALOGING SOURCE
Original cataloging agency AR-UNSa-BCEJYS
Language of cataloging spa
Transcribing agency AR-UNSa-BCEJYS
080 ## - UNIVERSAL DECIMAL CLASSIFICATION NUMBER
Universal Decimal Classification number 658.3
Common auxiliary subdivision Personal. Relaciones humanas en la empresa (Recursos Humanos)
020 ## - INTERNATIONAL STANDARD BOOK NUMBER
International Standard Book Number 978-950-641-527-3
100 1# - MAIN ENTRY--PERSONAL NAME
Personal name Alles, Martha Alicia
245 10 - TITLE STATEMENT
Title Desarrollo del talento humano
Name of part/section of a work basado en competencias
250 ## - EDITION STATEMENT
Edition statement 2a. ed
264 #1 - PRODUCTION, PUBLICATION, DISTRIBUTION, MANUFACTURE, AND COPYRIGHT NOTICE
Place of production, publication, distribution, manufacture Buenos Aires :
Name of producer, publisher, distributor, manufacturer Granica
Date of production, publication, distribution, manufacture, or copyright notice 2008
300 ## - PHYSICAL DESCRIPTION
Extent 392 p.
Dimensions 23 cm
505 ## - FORMATTED CONTENTS NOTE
Formatted contents note 1. Talento humano y competencias 2. Desarllo del talento humano basado en competencias 3. Como desarrollar competencias 4. Métodos para el desarrollo de competencias dentro del trabajo <br/>Anexo: Herramintas de la metodología Martha Alles Capital humano para medición de competencias 5. Métodos para el desarrollo de competencias fuera del trabajo 6. Técnicas para el autodesarrollo de competencias 7. La gestion del conocimiento y el desarrollo de competencias 8. Cómo armar una sección en su intranet para el desarrollo de competencias<br/>Anexo: Herramientas de la metodologia Martha Alles <br/>
590 ## - LOCAL NOTE (RLIN)
Local note niveau_biblio:m niveau_hierar:0
856 41 - ELECTRONIC LOCATION AND ACCESS
Uniform Resource Identifier <a href="https://biblioeco.unsa.edu.ar/pmb/images/libros/Desarrollo del Talento Humano2-l117534.jpg">https://biblioeco.unsa.edu.ar/pmb/images/libros/Desarrollo del Talento Humano2-l117534.jpg</a>
Link text Imagen de portada
Electronic format type image/jpeg
942 ## - ADDED ENTRY ELEMENTS (KOHA)
Koha item type
Existencias
Withdrawn status Lost status Damaged status Not for loan Home library Current library Shelving location Date acquired Total checkouts Full call number Barcode Date last seen Price effective from Koha item type Public note
        Biblioteca Prof. Eusebio Cleto del Rey Biblioteca Prof. Eusebio Cleto del Rey   07/04/2026   658.3 A422d 2ed. L117534 07/04/2026 07/04/2026 Libro  
        Biblioteca Prof. Eusebio Cleto del Rey Biblioteca Prof. Eusebio Cleto del Rey   07/04/2026   658.3 A422d 2ed. L117535 07/04/2026 07/04/2026 Libro HÚMEDO PAG. 29 A 40 -